000 00319nam a2200121Ia 4500
005 20251222144659.0
008 251222s9999||||xx |||||||||||||| ||spa||
082 _a370.115/P42
100 _aPeñaloza Ramella, Walter
245 0 _aLos Propósitos de la Educación
264 _bFondo Editorial San Marcos
942 _cLIB
999 _c17359
_d17359